| Tag |
First Indicator |
Second Indicator |
Subfields |
| LEADER |
00000nam a2200000Ia 4500 |
| 001 |
in00004300721 |
| 005 |
20200810082953.0 |
| 006 |
m g d |
| 007 |
cr bn |||a|bb| |
| 008 |
860528s1685 enkcj o 00| | eng d |
| 035 |
|
|
|a (OCoLC)13653311
|
| 040 |
|
|
|a EAA
|c EAA
|d m/c
|d WaOLN
|
| 037 |
|
|
|a CL0037000024
|b ProQuest Information and Learning. 300 N. Zeeb Rd., Ann Arbor, MI 48106
|
| 043 |
|
|
|a e-uk-en
|
| 049 |
|
|
|a UMIA
|
| 245 |
0 |
4 |
|a The Life & death of Henrietta Maria De Bourbon, Queen to that Blessed King & martyr, Charles I, mother to his late glorious Majesty of happy memory, K. Charles II, and to our present Gracious Soveraign, James II, King of England, Scotland, France, and Ireland, &c.
|
| 260 |
|
|
|a London :
|b Printed for Dorman Newman ...,
|c 1685.
|
| 300 |
|
|
|a 1 online resource ([8], 108, [6] pages :
|b portrait, genealogical table.
|
| 336 |
|
|
|a text
|b txt
|2 rdacontent
|
| 337 |
|
|
|a computer
|b c
|2 rdamedia
|
| 338 |
|
|
|a online resource
|b cr
|2 rdacarrier
|
| 500 |
|
|
|a Advertisement: [6] pages at end.
|
| 500 |
|
|
|a Imperfect: portrait of Henrietta Maria and Charles I lacking.
|
| 500 |
|
|
|a Reproduction of original in Huntington Library.
|
| 510 |
4 |
|
|a Arber's Term cat.
|c II, 113
|
| 510 |
4 |
|
|a Wing
|c L1995
|
| 533 |
|
|
|a Electronic reproduction.
|b Ann Arbor, Mich. :
|c UMI,
|d 1999-
|f (Early English books online)
|n Digital version of: (Early English books, 1641-1700 ; 793:1)
|7 s1999 miun s
|
| 600 |
0 |
0 |
|a Henrietta Maria,
|c Queen, consort of Charles I, King of England,
|d 1609-1669.
|
| 600 |
0 |
0 |
|a Charles
|b I,
|c King of England,
|d 1600-1649.
|
| 651 |
|
0 |
|a Great Britain
|x Kings and rulers
|v Biography.
|
| 650 |
|
0 |
|a Queens
|z Great Britain
|v Biography.
|
| 830 |
|
0 |
|a Early English books online.
|
| 856 |
4 |
0 |
|u http://proxy.library.tamu.edu/login?url=https://search.proquest.com/docview/2240859714
|z Connect to the full text of this electronic book
|t 0
|
| 999 |
f |
f |
|s 42126496-0c09-39da-8ae1-fa42e5f0e90f
|i 7b7d8519-8efd-34e8-8202-43a679822b58
|t 0
|
| 952 |
f |
f |
|a Texas A&M University
|b College Station
|c Electronic Resources
|d Available Online
|t 0
|h No information provided
|
| 998 |
f |
f |
|t 0
|l Available Online
|